|
|
|
|
| LEADER |
00000nam0a2200000 4500 |
| 001 |
184209 |
| 005 |
20231031172121.0 |
| 010 |
|
|
|a 9785170631292
|
| 010 |
|
|
|a 978-5-403-02807-3
|
| 035 |
|
|
|a (RuTPU)RU\TPU\book\199697
|
| 035 |
|
|
|a RU\TPU\book\199679
|
| 090 |
|
|
|a 184209
|
| 100 |
|
|
|a 20100830d2010 m y0rusy50 ca
|
| 101 |
1 |
|
|a rus
|c eng
|
| 102 |
|
|
|a RU
|
| 105 |
|
|
|a y z 000ay
|
| 200 |
1 |
|
|a Леди Сьюзен. Замок Лесли. Собрание писем. История Англии
|e пер. с англ.
|f Дж. Остен
|
| 210 |
|
|
|a Москва
|c АСТ
|c АСТ Москва
|d 2010
|
| 215 |
|
|
|a 221 с.
|
| 225 |
1 |
|
|a Книга на все времена
|
| 330 |
|
|
|a В книге представлены ранние произведения Джейн Остен, позволяющие совершенно по-новому взглянуть на творчество великой английской писательницы. Не публиковавшийся при жизни автора роман «Леди Сьюзен», в чем-то похожий на «комедию нравов» XVIII века. «Замок Лесли» - остроумная пародия на штампы «готической» и «раннеромантической» прозы. Социально-психологическая сатира «Собрание писем»...И наконец, сатира историческая — собрание юмористических очерков «История Англии»...
|
| 610 |
1 |
|
|a английская литература
|
| 610 |
1 |
|
|a романы
|
| 610 |
1 |
|
|a любовные романы
|
| 675 |
|
|
|a 82
|v 3
|
| 700 |
|
1 |
|a Остен
|b Дж.
|g Джейн
|
| 801 |
|
1 |
|a RU
|b 63413507
|c 20100830
|
| 801 |
|
2 |
|a RU
|b 63413507
|c 20100910
|g RCR
|
| 942 |
|
|
|c BK
|